Fractals and spectra : related to Fourier analysis and function spaces /

Bibliographic Details
Main Author: Triebel, Hans
Corporate Author: SpringerLink (Online service)
Format: eBook
Language:English
Published: Basel : Springer, 2011.
Series:Modern Birkhäuser classics.
Subjects:
Online Access:Connect to the full text of this electronic book

MARC

Tag First Indicator Second Indicator Subfields
LEADER 00000cam a2200000Ia 4500
001 in00003506721
006 m o d
007 cr |||||||||||
008 101020r20111997gw a ob 001 0 eng d
005 20260420205937.2
020 |a 9783034800341 (electronic bk.) 
020 |a 3034800347 (electronic bk.) 
020 |z 9783034800334 
020 |z 3034800339 
035 |a (OCoLC)671247005 
040 |a CUS  |c CUS  |d OCLCQ  |d GW5XE  |d OCLCF  |d UtOrBLW 
049 |a TXAM 
050 4 |a QA323 
082 0 4 |a 515.7  |2 22 
100 1 |a Triebel, Hans. 
245 1 0 |a Fractals and spectra :  |b related to Fourier analysis and function spaces /  |c Hans Triebel. 
264 1 |a Basel :  |b Springer,  |c 2011. 
300 |a 1 online resource (viii, 271 pages) :  |b illustrations 
336 |a text  |b txt  |2 rdacontent 
337 |a computer  |b c  |2 rdamedia 
338 |a online resource  |b cr  |2 rdacarrier 
490 1 |a Modern Birkhäuser classics 
500 |a "Reprint of the 1997 Edition"--PDF title page. 
500 |a Originally published under the same title as volume 91 in the Monographs in Mathematics series by Birkhäuser Verlag, Switzerland. 
504 |a Includes bibliographical references and index. 
588 |a Description based on print version record. 
500 |a Electronic resource. 
650 0 |a Function spaces. 
650 0 |a Fractals. 
650 0 |a Partial differential operators. 
650 0 |a Spectral theory (Mathematics) 
650 7 |a Fractals.  |2 fast  |0 (OCoLC)fst00933507 
650 7 |a Function spaces.  |2 fast  |0 (OCoLC)fst00936058 
650 7 |a Partial differential operators.  |2 fast  |0 (OCoLC)fst01054025 
650 7 |a Spectral theory (Mathematics)  |2 fast  |0 (OCoLC)fst01129072 
655 7 |a Electronic books.  |2 local 
710 2 |a SpringerLink (Online service) 
776 1 8 |i Print version:  |t Fractals and Spectra.  |d Springer Verlag 2010  |z 9783034800334  |w (DLC) 2010936432  |w (OCoLC)668190659 
830 0 |a Modern Birkhäuser classics. 
856 4 0 |u http://proxy.library.tamu.edu/login?url=https://link.springer.com/10.1007/978-3-0348-0034-1  |z Connect to the full text of this electronic book  |t 0 
994 |a 92  |b TXA 
999 |a MARS 
999 f f |s 92847d2b-ada0-3bd1-b8c2-478c5a9d3636  |i 55567a37-ab07-365d-afbe-9836065e2a6e  |t 0 
952 f f |a Texas A&M University  |b College Station  |c Electronic Resources  |s www_evans  |d Available Online  |t 0  |e QA323  |h Library of Congress classification 
998 f f |a QA323  |t 0  |l Available Online